[Event "RUS-chT U14 final"]
[Site "Sochi"]
[Date "2019.05.09"]
[Round "8.3"]
[White "Minachev, Maksim"]
[Black "Andreev, Aleksei"]
[Result "0-1"]
[WhiteElo "1999"]
[BlackElo "1727"]
[PlyCount "86"]
[EventDate "2019.05.01"]
[EventType "team-tourn"]
[EventRounds "9"]
[EventCountry "RUS"]
[SourceTitle "CBM 190 Extra"]
[Source "ChessBase"]
[SourceDate "2019.07.15"]
[SourceVersion "1"]
[SourceVersionDate "2019.07.15"]
[SourceQuality "1"]

1. e4 c5 2. Nf3 e6 3. c3 d5 4. exd5 Qxd5 5. d4 Nf6 6. Na3 Nc6 7. Be3 cxd4 8. Nb5 Qd8 9. Nbxd4 Bd7 10. Be2 Be7 11. 0-0 0-0 12. Qc2 Qc7 13. Rad1 Nd5 14. Bc1 Bf6 15. Bd3 h6 16. Be4 Nce7 17. Rfe1 Rac8 18. Qe2 Rfd8 19. Bb1 Ba4 20. Nb3 Bxb3 21. axb3 a5 22. Nd4 Qb6 23. Qe4 Bxd4 24. Rxd4 Nf5 25. Rd3 Nf6 26. Rxd8+ Rxd8 27. Qc4 Nd6 28. Qa4 Qc5 29. Be3 Qe5 30. Rd1 Qh5 31. f3 Nd5 32. Qxa5 Rc8 33. Bf2 Nf5 34. c4 Nf4 35. Bxf5 exf5 36. Qe5 Qg5 37. Bg3 Ng6 38. Qd4 h5 39. h4 Qxg3 40. Qd7 Nxh4 41. Qxc8+ Kh7 42. Rd2 Nxf3+ 43. Kf1 Qe1# 0-1